| 000 | 00676nam a2200241 a 4500 | ||
|---|---|---|---|
| 001 | BRCA_5816 | ||
| 005 | 20190320205227.0 | ||
| 008 | 100311s1950----fr-a######---#000-0#fre-# | ||
| 041 | _afre | ||
| 044 | _afr | ||
| 050 | 4 |
_aND623.B6 _b.R68 1950 |
|
| 100 | 1 |
_aRouches, Gabriel _99359 |
|
| 245 | 1 | 0 |
_aBotticelli 1444/45-1510 _cGabriel Rouches. |
| 260 |
_aParís _bBraun _c1950 |
||
| 300 |
_a1 v. (sin paginación) _bil., 60 láminas _c16 cm. |
||
| 440 | 0 |
_aCollection ´Les Maitres´ _914732 |
|
| 500 | _aG26 | ||
| 504 | _aBibliografía: p. [61] | ||
| 600 | 1 | 4 |
_aBotticelli, Sandro _d1445-1510 _914733 |
| 650 | 1 | 4 |
_aPintores italianos _97654 |
| 902 | _aGFM | ||
| 942 |
_2lcc _cB |
||
| 999 |
_c5505 _d5505 |
||